000
00364nam a2200169Ia 4500
003
IT-RoPAU
008
120407s9999 xx 000 0 und d
040
_a
IT-RoPAU
040
_c
IT-RoPAU
100
_a
Alessandra Borghese
245
_a
Con occhi nuovi
250
_a
Casale Monferrato (AL)
260
_a
Piemme
300
_c
cm
490
_v
1
942
_c
BK
999
_c
9689
_d
9689